[Event "10. Lichtenberger Sommer"]
[Site "Berlin"]
[Date "2011.08.21"]
[Round "9.41"]
[White "Rosebrock, Timotej Alexander"]
[Black "Kabitzke, Julian"]
[Result "1-0"]
[WhiteElo "1934"]
[BlackElo "1852"]
[PlyCount "53"]
[EventDate "2011.??.??"]
[WhiteTeam "Basel SG"]
[BlackTeam "USG Chemnitz"]

1. e4 c5 2. Nc3 Nc6 3. f4 g6 4. Nf3 Bg7 5. g3 d6 6. Bg2 e6 7. d3 Nge7 8. O-O
O-O 9. Be3 Nd4 10. e5 Nef5 11. Bf2 Nxf3+ 12. Qxf3 Nd4 13. Qd1 dxe5 14. fxe5
Bxe5 15. Ne4 Rb8 16. c3 Nf5 17. Bxc5 b6 18. Bxf8 Ne3 19. Qf3 Nxf1 20. Ba3 f5
21. Rxf1 fxe4 22. Qf7+ Kh8 23. Be7 Qg8 24. Bf6+ Bxf6 25. Qxf6+ Qg7 26. Qd8+ Qg8
27. Rf8 1-0

[Event "10. Lichtenberger Sommer"]
[Site "Berlin"]
[Date "2011.08.21"]
[Round "9.42"]
[White "Pouydesseau, Mathieu"]
[Black "Hoppensack, Manfred"]
[Result "1-0"]
[WhiteElo "1774"]
[BlackElo "2058"]
[PlyCount "31"]
[EventDate "2011.??.??"]
[WhiteTeam "SV Berlin-Friedrichstadt"]
[BlackTeam "SC Friesen Lichtenberg e.V."]

1. c4 e5 2. Nc3 Nf6 3. e3 Bb4 4. a3 Bxc3 5. dxc3 e4 6. Ne2 d6 7. Nd4 Bg4 8. Qb3
b6 9. h3 Bc8 10. Qb5+ c6 11. Nxc6 Nxc6 12. Qxc6+ Ke7 13. Qxa8 Qc7 14. g4 h6 15.
h4 d5 16. cxd5 1-0

[Event "10. Lichtenberger Sommer"]
[Site "Berlin"]
[Date "2011.08.21"]
[Round "9.44"]
[White "Boeck, Ruediger"]
[Black "Strehlow, Horst"]
[Result "0-1"]
[WhiteElo "1830"]
[BlackElo "2074"]
[PlyCount "77"]
[EventDate "2011.??.??"]
[WhiteTeam "SC Weisse Dame Ulm e.V."]
[BlackTeam "SC Friesen Lichtenberg e.V."]

1. e4 c5 2. Nf3 Nc6 3. d4 cxd4 4. Nxd4 g6 5. Nxc6 bxc6 6. Qd4 f6 7. f4 Qb6 8.
Be3 Qxd4 9. Bxd4 Bg7 10. Bc4 e6 11. O-O Ne7 12. Bc5 f5 13. e5 Nd5 14. Bxd5 cxd5
15. Nc3 Ba6 16. Rfd1 Kf7 17. Rd4 Rhc8 18. Bd6 Rc4 19. Rxc4 Bxc4 20. b3 Ba6 21.
Na4 Rc8 22. Nc5 Rc6 23. Rc1 Rxd6 24. exd6 Bd4+ 25. Kh1 Bxc5 26. g3 h6 27. Kg2
Bxd6 28. c4 dxc4 29. bxc4 Bb7+ 30. Kf2 Bc5+ 31. Ke2 Be4 32. Kd2 g5 33. fxg5
hxg5 34. Kc3 Kf6 35. Kb3 d6 36. Ka4 f4 37. gxf4 gxf4 38. Kb3 f3 39. Re1 0-1

[Event "10. Lichtenberger Sommer"]
[Site "Berlin"]
[Date "2011.08.21"]
[Round "9.45"]
[White "Kapp, Stefan"]
[Black "Horbach, Fabian"]
[Result "1-0"]
[WhiteElo "1991"]
[BlackElo "2022"]
[PlyCount "79"]
[EventDate "2011.??.??"]
[WhiteTeam "TSV IFA Chemnitz"]
[BlackTeam "Schachverein 1949 Herzogenrath"]

1. d4 Nf6 2. c4 e6 3. Nc3 Bb4 4. Bd2 b6 5. Nf3 Bb7 6. e3 O-O 7. Be2 Bxc3 8.
Bxc3 Ne4 9. Rc1 d6 10. O-O Nd7 11. Nd2 Nxc3 12. Rxc3 e5 13. Bf3 Bxf3 14. Qxf3
f5 15. Qd5+ Kh8 16. dxe5 Nxe5 17. Nf3 c6 18. Qd1 Qe7 19. Nxe5 dxe5 20. c5 Rad8
21. Qc2 b5 22. Rd1 Rxd1+ 23. Qxd1 Rd8 24. Rd3 Rxd3 25. Qxd3 Kg8 26. b4 g6 27.
e4 f4 28. Qh3 Qd8 29. Qe6+ Kf8 30. h3 Qd1+ 31. Kh2 Qd4 32. Qf6+ Kg8 33. Qxc6
Qxf2 34. Qe8+ Kg7 35. Qxe5+ Kf7 36. Qc3 g5 37. c6 h5 38. Qf3 Qxf3 39. gxf3 Ke8
40. e5 1-0

[Event "10. Lichtenberger Sommer"]
[Site "Berlin"]
[Date "2011.08.21"]
[Round "9.46"]
[White "Pueschel, Werner"]
[Black "George, Tom"]
[Result "1-0"]
[WhiteElo "2163"]
[BlackElo "1839"]
[PlyCount "97"]
[EventDate "2011.??.??"]
[WhiteTeam "SG Lasker Steglitz-Wilmersdorf"]
[BlackTeam "SG Blau-Weiß Stadtilm"]

1. c3 c5 2. d3 g6 3. g3 Bg7 4. Bg2 Nc6 5. Qc2 Nf6 6. Nf3 O-O 7. h4 d6 8. Bg5 h6
9. Bxf6 exf6 10. Nbd2 f5 11. O-O-O Be6 12. Nc4 Qc7 13. Nfd2 d5 14. Na3 a6 15.
Nb3 Qe7 16. e3 Rfc8 17. Qd2 c4 18. dxc4 dxc4 19. Nd4 Nxd4 20. exd4 Rab8 21. Qe2
b5 22. d5 Qb7 23. dxe6 Qxg2 24. exf7+ Kxf7 25. Rd7+ Kg8 26. Qe6+ Kh7 27. Rhd1
Qe4 28. Qxe4 fxe4 29. Nc2 Rb6 30. Re7 Kg8 31. Rdd7 Bf6 32. Rxe4 Rf8 33. Ne3 Rf7
34. Rxf7 Kxf7 35. Rf4 g5 36. hxg5 hxg5 37. Rf3 Re6 38. Ng4 Kg6 39. Nxf6 Rxf6
40. Rxf6+ Kxf6 41. f3 Kf5 42. Kc2 a5 43. a4 bxa4 44. Kd2 Ke5 45. Ke2 Kd5 46. f4
g4 47. f5 Ke5 48. f6 Kxf6 49. Ke3 1-0

[Event "10. Lichtenberger Sommer"]
[Site "Berlin"]
[Date "2011.08.21"]
[Round "9.48"]
[White "Frey, Matthias"]
[Black "Gretzer, Marcus"]
[Result "1-0"]
[WhiteElo "1948"]
[BlackElo "1748"]
[PlyCount "71"]
[EventDate "2011.??.??"]
[WhiteTeam "Münsingen"]
[BlackTeam "SC Kitzingen von 1905"]

1. c4 c5 2. Nc3 g6 3. g3 Bg7 4. Bg2 Nc6 5. e3 d6 6. Nge2 e5 7. O-O f5 8. d4
cxd4 9. exd4 e4 10. f3 exf3 11. Rxf3 Nf6 12. Re3+ Kf7 13. Nd5 Ng4 14. Rf3 Be6
15. h3 Nf6 16. Nxf6 Bxc4 17. Ng4 Re8 18. Be3 Kg8 19. Nf2 Bxe2 20. Qxe2 Nxd4 21.
Qd2 Nxf3+ 22. Bxf3 Be5 23. Bxb7 Rb8 24. Bd5+ Kh8 25. Bd4 Qf6 26. Bc3 Rbc8 27.
Re1 Re7 28. Nd1 Bxc3 29. bxc3 Re5 30. Rxe5 dxe5 31. c4 g5 32. g4 fxg4 33. hxg4
Rf8 34. Nf2 Rb8 35. Be4 Rc8 36. Qd7 1-0

[Event "10. Lichtenberger Sommer"]
[Site "Berlin"]
[Date "2011.08.21"]
[Round "9.49"]
[White "Koischwitz, Wanja"]
[Black "Yuan, Yizheng"]
[Result "1/2-1/2"]
[WhiteElo "1813"]
[BlackElo "1889"]
[PlyCount "130"]
[EventDate "2011.??.??"]
[WhiteTeam "Queer-Springer SSV Berlin"]
[BlackTeam "Schachpinguine Berlin e.V."]

1. d4 Nf6 2. Nf3 e6 3. e3 b6 4. b3 Bb4+ 5. Bd2 Be7 6. Ne5 Bb7 7. f3 O-O 8. Be2
c5 9. O-O d6 10. Nd3 cxd4 11. exd4 Nc6 12. c3 Ba6 13. Qe1 d5 14. Ne5 Nxe5 15.
Bxa6 Ng6 16. Bg5 Qc7 17. Bxf6 Bxf6 18. Na3 Rfe8 19. Nb5 Qc6 20. f4 Ne7 21. Rf3
h5 22. Qe2 Nf5 23. Qd3 g6 24. Rc1 Nd6 25. c4 dxc4 26. bxc4 Rad8 27. d5 exd5 28.
Qxd5 Qxd5 29. cxd5 Re4 30. Nxd6 Rxd6 31. f5 Bd4+ 32. Kf1 Bc5 33. fxg6 fxg6 34.
Bd3 Rd4 35. Re1 Kg7 36. Re7+ Kh6 37. Re6 R4xd5 38. Rxd6 Rxd6 39. Ke2 Re6+ 40.
Kd2 Kg7 41. Bc4 Re7 42. h3 Bd4 43. Kd3 Bf6 44. Kc2 Re1 45. Rf2 Re5 46. a4 Ra5
47. Kb3 a6 48. Rd2 b5 49. Rd7+ Kh6 50. axb5 axb5 51. Kb4 Bc3+ 52. Kxc3 bxc4 53.
Kxc4 Kg5 54. Rd6 Ra2 55. g3 Ra4+ 56. Kb3 Re4 57. Rd5+ Kf6 58. Kc2 Re3 59. Rd6+
Kf5 60. g4+ hxg4 61. hxg4+ Kg5 62. Kd2 Re4 63. Kd3 Rxg4 64. Ke3 Rf4 65. Rxg6+
Kxg6 1/2-1/2

[Event "10. Lichtenberger Sommer"]
[Site "Berlin"]
[Date "2011.08.21"]
[Round "9.50"]
[White "Ritter, Uwe"]
[Black "Kievelitz, Bernd"]
[Result "1/2-1/2"]
[WhiteElo "1733"]
[BlackElo "2070"]
[PlyCount "99"]
[EventDate "2011.??.??"]
[WhiteTeam "Reideburger SV 90 Halle"]
[BlackTeam "SC Zitadelle Spandau 1977 e.V."]

1. f4 d5 2. Nf3 g6 3. e3 Bg7 4. d4 Bf5 5. Bd3 e6 6. O-O Nf6 7. Ne5 Be4 8. c3
Bxd3 9. Qxd3 c6 10. Nd2 Nbd7 11. e4 dxe4 12. Nxe4 Nxe4 13. Qxe4 O-O 14. Ng4 Nf6
15. Nxf6+ Bxf6 16. Be3 Qd5 17. Qxd5 cxd5 18. a4 Rfc8 19. Bd2 a5 20. Kf2 Rab8
21. Ke2 b5 22. axb5 Rxb5 23. Rfb1 Rcb8 24. Ra2 Be7 25. Bc1 f6 26. Kd3 Kf7 27.
Kc2 Bd6 28. Rba1 Bc7 29. b4 axb4 30. Ra7 b3+ 31. Kb2 R5b7 32. Rxb7 Rxb7 33. Ra3
e5 34. fxe5 fxe5 35. dxe5 Bxe5 36. h3 d4 37. Rxb3 dxc3+ 38. Kc2 Rxb3 39. Kxb3
Ke6 40. Kc4 Kf5 41. Kd3 h5 42. Be3 Bf4 43. Bb6 Bd2 44. Bc7 g5 45. Ba5 Be1 46.
Bc7 g4 47. hxg4+ Kxg4 48. Bd6 Bg3 49. Bc5 Be5 50. Bf2 1/2-1/2

[Event "10. Lichtenberger Sommer"]
[Site "Berlin"]
[Date "2011.08.21"]
[Round "9.51"]
[White "Casny, Guenter"]
[Black "Tiemer, Klaus"]
[Result "0-1"]
[WhiteElo "1865"]
[BlackElo "1958"]
[PlyCount "56"]
[EventDate "2011.??.??"]
[WhiteTeam "SC Rochade e.V."]
[BlackTeam "TSG Oberschöneweide e.V."]

1. Nf3 Nf6 2. g3 d5 3. Bg2 Nc6 4. d4 g6 5. O-O Bg7 6. b3 O-O 7. Bb2 Bf5 8. Nh4
Be6 9. Nd2 Qd7 10. Re1 Rad8 11. Rb1 Ng4 12. Nhf3 f5 13. e3 h6 14. a3 g5 15. c4
Kh8 16. cxd5 Bxd5 17. e4 fxe4 18. Nxe4 Qf5 19. Qd3 Nxf2 20. Nxf2 Bxf3 21. Qxf5
Rxf5 22. Re3 Bxg2 23. Kxg2 Nxd4 24. Rd1 e5 25. Red3 Rdf8 26. Ng4 c5 27. b4 h5
28. Bxd4 cxd4 0-1

[Event "10. Lichtenberger Sommer"]
[Site "Berlin"]
[Date "2011.08.21"]
[Round "9.52"]
[White "Muskewitz, Bernd"]
[Black "Schmidek, Emil"]
[Result "1/2-1/2"]
[WhiteElo "1998"]
[BlackElo "1732"]
[PlyCount "105"]
[EventDate "2011.??.??"]
[WhiteTeam "TSG Oberschöneweide e.V."]
[BlackTeam "TuS Makkabi Berlin e.V."]

1. b3 e5 2. Bb2 Nc6 3. e3 f5 4. c4 Bc5 5. g3 Nf6 6. Bg2 d6 7. Ne2 O-O 8. O-O a5
9. d4 exd4 10. exd4 Ba7 11. Nbc3 Nh5 12. Nd5 Nf6 13. Qc2 Nxd5 14. Bxd5+ Kh8 15.
Bg2 Ne7 16. Rfe1 Ng6 17. f4 c6 18. Kh1 Qc7 19. d5 c5 20. Nc3 Bd7 21. a4 Bb6 22.
Re3 Qc8 23. Rae1 Bd8 24. Nd1 Bf6 25. Bxf6 Rxf6 26. Nf2 b6 27. Nh3 h6 28. Qe2
Kg8 29. Qh5 Qf8 30. Bf1 Be8 31. Qd1 Bd7 32. Bd3 Re8 33. Ng1 Rxe3 34. Rxe3 Rf7
35. Nf3 Re7 36. Qe2 Rxe3 37. Qxe3 Qe7 38. Qxe7 Nxe7 39. Kg2 Kf7 40. Kf2 Kf6 41.
h4 Ng6 42. Nd2 Nf8 43. h5 Bc8 44. Nf1 g6 45. hxg6 Nxg6 46. Ne3 Bd7 47. Kf3 Bc8
48. Nd1 Bd7 49. Nc3 Ne7 50. Kg2 Ng6 51. Kf2 Ne7 52. g4 Kf7 53. gxf5 1/2-1/2

[Event "10. Lichtenberger Sommer"]
[Site "Berlin"]
[Date "2011.08.21"]
[Round "9.54"]
[White "Bockelmann, Rolf"]
[Black "Gebert, Ralf"]
[Result "1/2-1/2"]
[WhiteElo "1820"]
[BlackElo "2039"]
[PlyCount "71"]
[EventDate "2011.??.??"]
[WhiteTeam "SV Senat (FV Schach)"]
[BlackTeam "SG Güstrow/Teterow"]

1. e4 e5 2. Nf3 Nc6 3. Bc4 Nf6 4. Ng5 d5 5. exd5 Na5 6. Bb5+ c6 7. dxc6 bxc6 8.
Qf3 Rb8 9. Ba4 Be7 10. Nc3 O-O 11. O-O h6 12. Nge4 Nd5 13. d3 f5 14. Nxd5 cxd5
15. Nc3 Bb7 16. Qh5 d4 17. Ne2 Qd5 18. f3 Bc8 19. a3 Be6 20. b4 Nb7 21. Qg6 Rf6
22. Qg3 f4 23. Bxf4 Bd6 24. Bd2 Rbf8 25. Bb3 Qc6 26. Bxe6+ Rxe6 27. Qg4 Qe8 28.
Qe4 Nd8 29. Rae1 Qa4 30. Rc1 Bb8 31. c4 Qd7 32. Ng3 Ra6 33. Ra1 Nf7 34. h3 Kh8
35. b5 Re6 36. Bb4 1/2-1/2

[Event "10. Lichtenberger Sommer"]
[Site "Berlin"]
[Date "2011.08.21"]
[Round "9.55"]
[White "Reiche, Andreas"]
[Black "Lieder, Guenter"]
[Result "1/2-1/2"]
[WhiteElo "1848"]
[BlackElo "1847"]
[PlyCount "84"]
[EventDate "2011.??.??"]
[WhiteTeam "SV Berolina Mitte e.V."]
[BlackTeam "SK Turm Bad Hersfeld"]

1. e4 d5 2. exd5 Qxd5 3. Nc3 Qd8 4. d4 g6 5. Be3 Bg7 6. Qd2 c6 7. Be2 h5 8. h3
Nf6 9. Nf3 Bf5 10. O-O Qc8 11. Ng5 Nbd7 12. Bc4 O-O 13. Nf3 Nb6 14. Bb3 Nbd5
15. Nxd5 cxd5 16. Bh6 Be4 17. Nh2 Bf5 18. Bxg7 Kxg7 19. Rfe1 Qc7 20. Re2 a6 21.
Rae1 Rfe8 22. Qb4 Be6 23. Qd2 Qd6 24. Nf1 Bd7 25. c3 Bb5 26. Re3 Ne4 27. Qc1 e6
28. Nh2 Qf4 29. Qc2 a5 30. a3 Rec8 31. Rf3 Qc7 32. Qc1 Qd8 33. Bc2 Bc6 34. Rfe3
Nd6 35. Bd3 Bb5 36. Bb1 Bc6 37. Nf3 Qf6 38. Ne5 Be8 39. Rf3 Qd8 40. g4 Qh4 41.
Qd2 Ne4 42. gxh5 Qxh5 1/2-1/2

[Event "10. Lichtenberger Sommer"]
[Site "Berlin"]
[Date "2011.08.21"]
[Round "9.56"]
[White "Lagunow, Raphael"]
[Black "Kretzschmar, Jan"]
[Result "1-0"]
[WhiteElo "1749"]
[BlackElo "1807"]
[PlyCount "41"]
[EventDate "2011.??.??"]
[WhiteTeam "TuS Makkabi Berlin e.V."]
[BlackTeam "SC Kreuzberg e.V."]

1. e4 c5 2. c3 d5 3. exd5 Qxd5 4. d4 Nc6 5. Nf3 Bg4 6. Be2 e6 7. O-O Be7 8. h3
Bh5 9. Be3 cxd4 10. cxd4 a6 11. Nc3 Qd8 12. Qb3 Rb8 13. Rfd1 Nf6 14. d5 exd5
15. Nxd5 Qc8 16. Bf4 Nxd5 17. Rxd5 Bxf3 18. Bxf3 Ra8 19. Bg4 f5 20. Bxf5 Nd4
21. Qa4+ 1-0

[Event "10. Lichtenberger Sommer"]
[Site "Berlin"]
[Date "2011.08.21"]
[Round "9.57"]
[White "Bandlow, Reinhard"]
[Black "Bieg, Pascal"]
[Result "0-1"]
[WhiteElo "2018"]
[BlackElo "1751"]
[PlyCount "98"]
[EventDate "2011.??.??"]
[WhiteTeam "SV Bau-Union e.V."]
[BlackTeam "SV Königsjäger Süd-West e.V."]

1. e4 c5 2. Nc3 d6 3. Bb5+ Bd7 4. a4 g6 5. Nf3 Bg7 6. O-O Nc6 7. d3 Nf6 8. h3
O-O 9. Be3 e5 10. Qd2 Nd4 11. Nh2 Ne8 12. Bg5 f6 13. Bc4+ Kh8 14. Bh6 g5 15.
Bxg7+ Nxg7 16. Nd5 Nh5 17. c3 Nc6 18. Ne3 Qe8 19. Nf5 Bxf5 20. exf5 Ne7 21.
Rae1 Qxa4 22. Be6 Qe8 23. g3 Ng7 24. d4 Nexf5 25. Bd5 cxd4 26. c4 Rb8 27. Nf3
b5 28. b3 Qd8 29. Ra1 Qb6 30. Kg2 bxc4 31. Bxc4 Qb7 32. Ba6 Qxb3 33. Bd3 Qb7
34. Rfb1 Qa8 35. Re1 Rb6 36. Be4 d5 37. Bc2 Rfb8 38. g4 Nh4+ 39. Nxh4 gxh4 40.
Qh6 f5 41. Qxh4 e4 42. Ra4 d3 43. Bxd3 exd3 44. Re7 R6b7 45. gxf5 Rxe7 46. Qxe7
d4+ 47. f3 Rb2+ 48. Kg1 Qb8 49. Kf1 Rb1+ 0-1

[Event "10. Lichtenberger Sommer"]
[Site "Berlin"]
[Date "2011.08.21"]
[Round "9.58"]
[White "Mako, Attila"]
[Black "Mayer, Herbert"]
[Result "0-1"]
[WhiteElo "1702"]
[BlackElo "1948"]
[PlyCount "88"]
[EventDate "2011.??.??"]
[WhiteTeam "BSC Rehberge 1945 e.V."]
[BlackTeam "SC Rochade e.V."]

1. d4 d5 2. Bf4 Nf6 3. e3 g6 4. Bd3 Bg7 5. h3 O-O 6. Nf3 c5 7. c3 c4 8. Bc2 Nc6
9. O-O Nd7 10. Nbd2 e5 11. Bg3 e4 12. Nh2 Re8 13. Qe2 b5 14. a3 Nf6 15. Bh4 Qc7
16. Bg3 Qd7 17. f3 Nh5 18. Bf2 exf3 19. Qxf3 f5 20. b3 Qd6 21. a4 bxa4 22. bxc4
dxc4 23. Nxc4 Qc7 24. Bxa4 Bd7 25. g4 fxg4 26. hxg4 Nf6 27. Bg3 Qd8 28. Bxc6
Bxc6 29. Qxc6 Rc8 30. Qa6 Ne4 31. Be5 Bxe5 32. Nxe5 Qh4 33. Qa2+ Kh8 34. Rf3
Rf8 35. Qg2 Ng5 36. Rxf8+ Rxf8 37. Rf1 Nh3+ 38. Kh1 Nf2+ 39. Rxf2 Rxf2 40. Qa8+
Kg7 41. Qb7+ Kg8 42. Qc8+ Rf8 43. Qc4+ Kh8 44. Kg2 Qf2+ 0-1

[Event "10. Lichtenberger Sommer"]
[Site "Berlin"]
[Date "2011.08.21"]
[Round "9.59"]
[White "Hahne, Carsten"]
[Black "Rausch, Erik"]
[Result "1/2-1/2"]
[WhiteElo "1818"]
[BlackElo "1821"]
[PlyCount "25"]
[EventDate "2011.??.??"]
[WhiteTeam "vereinslos"]
[BlackTeam "vereinslos"]

1. d4 d5 2. Nf3 Nf6 3. c4 c6 4. cxd5 cxd5 5. Nc3 Bf5 6. Bf4 Nc6 7. e3 e6 8. Bd3
Bxd3 9. Qxd3 Bd6 10. Bxd6 Qxd6 11. O-O O-O 12. Rac1 Rfc8 13. Rfd1 1/2-1/2

[Event "10. Lichtenberger Sommer"]
[Site "Berlin"]
[Date "2011.08.21"]
[Round "9.60"]
[White "Becker, Uwe"]
[Black "Bandlow, Matthias"]
[Result "0-1"]
[WhiteElo "1791"]
[BlackElo "1988"]
[PlyCount "62"]
[EventDate "2011.??.??"]
[WhiteTeam "SV Glück auf Rüdersdorf e.V."]
[BlackTeam "SC Borussia Friedrichsfelde 1920"]

1. d4 d5 2. c4 e6 3. Nc3 Nf6 4. Bg5 Be7 5. Nf3 O-O 6. e3 h6 7. Bh4 b6 8. Bxf6
Bxf6 9. cxd5 exd5 10. Be2 Bb7 11. Rc1 Nd7 12. Qb3 c5 13. O-O c4 14. Qd1 a6 15.
b3 b5 16. bxc4 bxc4 17. Qa4 Qc7 18. Rb1 Rfb8 19. Rb2 Bc6 20. Rxb8+ Rxb8 21. Qc2
Qa5 22. Rb1 Rxb1+ 23. Nxb1 Be7 24. Bd1 Nb6 25. Qb2 Na4 26. Bxa4 Bxa4 27. Nc3
Be8 28. g3 Bb4 29. Nxd5 Qxd5 30. Qxb4 Qxf3 31. Qxc4 Bc6 0-1

[Event "10. Lichtenberger Sommer"]
[Site "Berlin"]
[Date "2011.08.21"]
[Round "9.61"]
[White "Junge, Wolfgang"]
[Black "Kuschfeldt, Karsten"]
[Result "1-0"]
[WhiteElo "1776"]
[BlackElo "1554"]
[PlyCount "106"]
[EventDate "2011.??.??"]
[WhiteTeam "SC Friesen Lichtenberg e.V."]
[BlackTeam "SV Königsjäger Süd-West e.V."]

1. g4 e5 2. Bg2 d5 3. c4 dxc4 4. Qa4+ c6 5. Qxc4 Be6 6. Qa4 Bd6 7. d3 Ne7 8. g5
Nd7 9. Nc3 Nb6 10. Qc2 Ned5 11. h4 f5 12. e4 Nb4 13. Qe2 Bc5 14. Bf1 f4 15. a3
Na6 16. Nf3 Bg4 17. Bd2 Qd6 18. Rd1 Rd8 19. Bc1 Nc7 20. Bh3 Bh5 21. Kf1 Ne6 22.
Bxe6 Qxe6 23. Nb1 Qg4 24. Nbd2 Nc8 25. b4 Bd4 26. Nxd4 Rxd4 27. Qxg4 Bxg4 28.
f3 Be6 29. Ke2 O-O 30. Bb2 Rd7 31. Bxe5 Rfd8 32. Nb1 Nd6 33. Rd2 Bb3 34. Bxf4
Nb5 35. Be5 Kf7 36. f4 Ke6 37. Rc1 Kf7 38. h5 Nd4+ 39. Bxd4 Rxd4 40. f5 Ke7 41.
Rc3 Bf7 42. g6 hxg6 43. hxg6 Bxg6 44. fxg6 Rh8 45. Ke3 Rd6 46. Rg2 Rh3+ 47. Ke2
Rf6 48. Nd2 Rh6 49. Nf3 Rfxg6 50. Rxg6 Rxg6 51. Ke3 Ke6 52. d4 Rg3 53. Kf4 Rg1
1-0

[Event "10. Lichtenberger Sommer"]
[Site "Berlin"]
[Date "2011.08.21"]
[Round "9.63"]
[White "Koerner, Helmut"]
[Black "Schneider, Eckehard"]
[Result "1-0"]
[WhiteElo "1933"]
[BlackElo "1733"]
[PlyCount "101"]
[EventDate "2011.??.??"]
[WhiteTeam "Sfr.Nord-Ost Berlin"]
[BlackTeam "Sfrd. Berlin 1903 e.V."]

1. b4 Nf6 2. Bb2 e6 3. a3 d5 4. e3 c5 5. b5 a6 6. c4 dxc4 7. Bxc4 Bd7 8. a4
axb5 9. axb5 Rxa1 10. Bxa1 Be7 11. Nf3 O-O 12. O-O Bc8 13. Nc3 Nbd7 14. Na4 b6
15. Qb3 Bb7 16. Be2 Qc7 17. Rd1 Ra8 18. Nb2 Ne4 19. Nc4 Bf6 20. Bxf6 Nexf6 21.
Qb2 Ra4 22. Nce5 Bd5 23. Nxd7 Nxd7 24. Ra1 Qa7 25. Rxa4 Qxa4 26. h3 f6 27. g4
Qa8 28. Ne1 Ne5 29. d4 Nc4 30. Qc1 Qa2 31. Bf3 Qb3 32. Bxd5 exd5 33. dxc5 bxc5
34. Qa1 Qxb5 35. Qa8+ Kf7 36. Qxd5+ Kf8 37. Nd3 Ke7 38. Nxc5 g5 39. Qe6+ Kd8
40. Qxf6+ Kc7 41. Qxg5 Kc6 42. Ne6 Qb1+ 43. Kh2 Qe4 44. Qc5+ Kd7 45. Qd4+ Qxd4
46. Nxd4 Kd6 47. Kg3 Ke5 48. h4 Ke4 49. Nf3 h6 50. h5 Nd6 51. Nd4 1-0

[Event "10. Lichtenberger Sommer"]
[Site "Berlin"]
[Date "2011.08.21"]
[Round "9.64"]
[White "Kohlmeyer, Dagobert"]
[Black "Mertens, Fridolin"]
[Result "1-0"]
[WhiteElo "1879"]
[BlackElo "1993"]
[PlyCount "117"]
[EventDate "2011.??.??"]
[WhiteTeam "SC Rochade e.V."]
[BlackTeam "SG 1871 Löberitz"]

1. e4 c5 2. Nc3 d6 3. Nf3 Nf6 4. Bc4 a6 5. O-O e6 6. d4 cxd4 7. Qxd4 Nc6 8. Qd1
b5 9. Bd3 Bb7 10. a3 Be7 11. h3 O-O 12. Be3 Qc7 13. Nd4 Ne5 14. f4 Nc4 15. Bxc4
Qxc4 16. e5 dxe5 17. fxe5 Nd5 18. Nxd5 Qxd5 19. Nf3 Bc5 20. Qe1 Rfd8 21. Qf2
Bxe3 22. Qxe3 Qe4 23. Qxe4 Bxe4 24. Ng5 Bg6 25. Rac1 Rac8 26. c3 h6 27. Nf3 Rd5
28. Rfe1 Rcc5 29. Rcd1 Kf8 30. Rxd5 Rxd5 31. Nd4 a5 32. Kf2 Bd3 33. Re3 Bg6 34.
Ke2 a4 35. Kf3 Ke7 36. g4 Kd7 37. Kf4 Kc7 38. h4 Kb6 39. h5 Bb1 40. Re1 Bh7 41.
Rg1 f6 42. Re1 Bg8 43. exf6 gxf6 44. Nxe6 Rd2 45. Kf5 Rxb2 46. Kxf6 Rg2 47. Re4
Ka5 48. Ng7 Bb3 49. Nf5 Ra2 50. Nxh6 Rxa3 51. Nf5 Ra1 52. Nd4 Bc4 53. Nc6+ Kb6
54. Nb4 Rf1+ 55. Kg7 Rf7+ 56. Kg6 Ra7 57. Rf4 Bg8 58. Rf6+ Kc5 59. Rc6# 1-0

[Event "10. Lichtenberger Sommer"]
[Site "Berlin"]
[Date "2011.08.21"]
[Round "9.65"]
[White "Albinus, Guenter"]
[Black "Barwich, Andreas"]
[Result "0-1"]
[WhiteElo "1825"]
[BlackElo "1963"]
[PlyCount "78"]
[EventDate "2011.??.??"]
[WhiteTeam "SG Weißensee 49 e.V."]
[BlackTeam "SV Berolina Mitte e.V."]

1. e4 c6 2. d4 d5 3. Nc3 dxe4 4. Nxe4 Bf5 5. Ng3 Bg6 6. Nf3 Nd7 7. h4 h6 8. Bd3
Bxd3 9. Qxd3 Ngf6 10. Bd2 e6 11. O-O-O Qc7 12. Kb1 Bd6 13. Ne4 Nxe4 14. Qxe4
Nf6 15. Qe2 Bf4 16. Bxf4 Qxf4 17. g3 Qe4 18. Rhe1 Qxe2 19. Rxe2 Rd8 20. Rd3 O-O
21. Kc1 Rfe8 22. Kd2 Re7 23. c3 Ng4 24. Ne5 Nxe5 25. dxe5 Rd5 26. f4 Red7 27.
Ree3 Kh7 28. Rxd5 Rxd5+ 29. Rd3 Kg6 30. Rxd5 cxd5 31. Ke3 Kf5 32. Kf3 h5 33. b3
b5 34. b4 f6 35. exf6 gxf6 36. Ke3 e5 37. fxe5 fxe5 38. Kf3 d4 39. cxd4 exd4
0-1

[Event "10. Lichtenberger Sommer"]
[Site "Berlin"]
[Date "2011.08.21"]
[Round "9.66"]
[White "Hänisch, Christoph"]
[Black "Schubert, Joachim"]
[Result "1-0"]
[WhiteElo "1631"]
[BlackElo "1826"]
[PlyCount "59"]
[EventDate "2011.??.??"]
[WhiteTeam "SK Zehlendorf e.V."]
[BlackTeam "SC Friesen Lichtenberg e.V."]

1. d4 f5 2. c4 Nf6 3. Nf3 b6 4. g3 Bb7 5. Bg2 d6 6. O-O e6 7. Nc3 Be7 8. d5
exd5 9. cxd5 O-O 10. Nd4 Bc8 11. Qc2 g6 12. Ncb5 Na6 13. Nc6 Qd7 14. Nbd4 Bb7
15. a3 Rf7 16. b4 Bf8 17. Ne6 Bxc6 18. Nxf8 Raxf8 19. dxc6 Qe8 20. Bh6 Re7 21.
Bxf8 Kxf8 22. e3 Re5 23. Qa4 Nb8 24. Qxa7 Qd8 25. Rad1 d5 26. Qa4 h5 27. b5 g5
28. Qd4 Qe8 29. f4 gxf4 30. exf4 1-0

[Event "10. Lichtenberger Sommer"]
[Site "Berlin"]
[Date "2011.08.21"]
[Round "9.67"]
[White "Cerdan Herraez, Manuel Vicente"]
[Black "Prix, Siegfried"]
[Result "0-1"]
[WhiteElo "1861"]
[BlackElo "1782"]
[PlyCount "92"]
[EventDate "2011.??.??"]
[WhiteTeam "CIM Benimaclet Valencia"]
[BlackTeam "Sfrd. Berlin 1903 e.V."]

1. e4 e5 2. Nc3 Nf6 3. Nf3 Nc6 4. Bb5 d6 5. d4 exd4 6. Nxd4 Bd7 7. Nxc6 bxc6 8.
Bc4 Be7 9. O-O O-O 10. Bg5 Re8 11. Bd3 Rb8 12. b3 h6 13. Be3 Ra8 14. f4 Bf8 15.
Qf3 Qe7 16. Rae1 g6 17. Bd4 Bg7 18. e5 Nh7 19. Qf2 Qd8 20. Nd1 Qc8 21. Ne3 c5
22. Ba1 Bc6 23. f5 g5 24. f6 Bf8 25. Nc4 d5 26. Ne3 d4 27. Nc4 Bd5 28. Qg3 g4
29. Bf5 Be6 30. Qxg4+ Kh8 31. h4 Nxf6 32. exf6 Bxf5 33. Rxe8 Bxg4 34. Rxc8 Rxc8
35. Ne5 Be6 36. c3 dxc3 37. Bxc3 Rd8 38. Nc6 Rd3 39. Ba5 Bd6 40. Nxa7 c4 41.
Nb5 Bc5+ 42. Kh2 c6 43. Nc7 Bd6+ 44. Kg1 Bc5+ 45. Kh1 Bd5 46. bxc4 Rh3# 0-1

[Event "10. Lichtenberger Sommer"]
[Site "Berlin"]
[Date "2011.08.21"]
[Round "9.68"]
[White "Bandsom, Olaf"]
[Black "Mueller, Achim"]
[Result "1/2-1/2"]
[WhiteElo "1778"]
[BlackElo "2074"]
[PlyCount "49"]
[EventDate "2011.??.??"]
[WhiteTeam "SC Friesen Lichtenberg e.V."]
[BlackTeam "Verein Rheinbacher Schachfreunde"]

1. e4 c5 2. Nf3 Nc6 3. d4 cxd4 4. Nxd4 Nf6 5. Nc3 e5 6. Ndb5 d6 7. Bg5 a6 8.
Na3 b5 9. Nd5 Be7 10. Nxe7 Nxe7 11. Bxf6 gxf6 12. Qf3 f5 13. exf5 Bxf5 14. Bd3
Be6 15. Qf6 Rg8 16. Bxh7 Qa5+ 17. Kf1 Nd5 18. Qf3 Rg7 19. Be4 b4 20. Nc4 Qb5
21. b3 O-O-O 22. Bf5 Nc7 23. a4 Qc5 24. Bxe6+ fxe6 25. Rd1 1/2-1/2

[Event "10. Lichtenberger Sommer"]
[Site "Berlin"]
[Date "2011.08.21"]
[Round "9.69"]
[White "Petry, Thomas"]
[Black "Walter, Günter"]
[Result "1/2-1/2"]
[WhiteElo "1637"]
[BlackElo "1990"]
[PlyCount "109"]
[EventDate "2011.??.??"]
[WhiteTeam "SC Friesen Lichtenberg e.V."]
[BlackTeam "TSG Oberschöneweide e.V."]

1. e4 e5 2. Nf3 Nc6 3. Bc4 Nf6 4. d4 exd4 5. O-O Bc5 6. Bg5 d6 7. Nbd2 h6 8.
Bh4 O-O 9. h3 Re8 10. Re1 Ne5 11. Bb5 c6 12. Ba4 a5 13. a3 b5 14. Bb3 a4 15.
Ba2 Be6 16. Bxe6 Rxe6 17. Nxe5 dxe5 18. Nf3 Bf8 19. Qd3 Qe8 20. Bg3 c5 21. Bxe5
Rxe5 22. Nxe5 Qxe5 23. Qxb5 Rb8 24. Qxa4 Rxb2 25. Qc4 Nd7 26. a4 Rb4 27. Qa6
Rb6 28. Qc8 Qe6 29. a5 Rb8 30. Qc7 Bd6 31. Qa7 Rb2 32. e5 Nxe5 33. Kh1 Qd5 34.
Rec1 Ng6 35. Qd7 Qe5 36. g3 Qd5+ 37. Kg1 Ne5 38. Qc8+ Kh7 39. a6 Rb8 40. Qf5+
g6 41. Qf6 Nf3+ 42. Kf1 Re8 43. a7 Be5 44. Qa6 Nh2+ 45. Kg1 Nf3+ 46. Kf1 Ra8
47. Ra5 Ng5 48. Re1 Bxg3 49. fxg3 Qf3+ 50. Kg1 Qxg3+ 51. Kf1 Qf3+ 52. Kg1 Qg3+
53. Kf1 Qxh3+ 54. Kf2 Qf3+ 55. Kg1 1/2-1/2